|
|
|
|
| LEADER |
00779pam a22002418a 4500 |
| 001 |
00021567 |
| 005 |
20171026081023.0 |
| 008 |
110525s1978 ||||||Viesd |
| 041 |
0 |
# |
|a Vie
|
| 082 |
1 |
# |
|a 576.5
|b D300TR
|
| 100 |
0 |
# |
|a Phan Cự Nhân
|
| 245 |
0 |
0 |
|a Di truyền học
|c Phan Cự Nhân
|n T.1
|
| 250 |
# |
# |
|a In lần thứ 2
|
| 260 |
# |
# |
|a H.
|b Giáo dục
|c 1978
|
| 300 |
# |
# |
|a 155 tr.
|c 27 cm.
|
| 490 |
0 |
# |
|a Sách đại học sư phạm
|
| 650 |
|
|
|a Sinh học
|
| 653 |
# |
# |
|a Di truyền
|
| 852 |
# |
# |
|b Kho giáo trình
|j KGT.0007742, KGT.0007743, KGT.0007744, KGT.0007745
|
| 852 |
# |
# |
|b Kho đọc
|j KD.0007909
|
| 852 |
# |
# |
|j KD.0007909
|
| 910 |
# |
# |
|a nhnam
|d 25/05/2011
|
| 980 |
# |
# |
|a Trung tâm Học liệu Lê Vũ Hùng, Trường Đại học Đồng Tháp
|